[Event "RUS Spartakiad"]
[Site "Krasnodar"]
[Date "1983.??.??"]
[Round "?"]
[White "Zeitlein, Michael"]
[Black "Averkin, Orest Nikolaevich"]
[Result "1-0"]
[WhiteElo "2490"]
[BlackElo "2450"]
[PlyCount "63"]
[EventDate "1983.02.??"]
[EventType "team"]
[EventRounds "11"]
[EventCountry "URS"]
[SourceTitle "EXT 2006"]
[Source "ChessBase"]
[SourceDate "2005.11.24"]
[SourceVersion "1"]
[SourceVersionDate "2005.11.24"]
[SourceQuality "1"]

1. d4 Nf6 2. Nf3 e6 3. Bg5 h6 4. Bh4 c5 5. e3 b6 6. Nbd2 cxd4 7. exd4 Bb7 8.
Bd3 Be7 9. O-O O-O 10. Qe2 d6 11. Bxf6 Bxf6 12. Ne4 Be7 13. Rfe1 Nd7 14. Rad1
Re8 15. c3 Qc7 16. Ba6 Bf8 17. Bxb7 Qxb7 18. Qd3 d5 19. Ng3 b5 20. Ne5 Nf6 21.
a3 a5 22. Qf3 Ra7 23. Nh5 Nxh5 24. Qxh5 Kh7 25. h4 b4 26. axb4 axb4 27. Qf3 Rc8
28. g4 bxc3 29. bxc3 Qe7 30. g5 g6 31. Ng4 hxg5 32. Nf6+ 1-0

[Event "Moscow Central CC-ch"]
[Site "Moscow"]
[Date "1984.10.??"]
[Round "?"]
[White "Zeitlein, Michael"]
[Black "Ignatiev, Felix N"]
[Result "1-0"]
[WhiteElo "2490"]
[BlackElo "2400"]
[PlyCount "90"]
[EventDate "1984.10.??"]
[EventType "tourn"]
[EventRounds "13"]
[EventCountry "URS"]
[SourceTitle "EXT 2012"]
[Source "ChessBase"]
[SourceDate "2011.11.24"]
[SourceVersion "1"]
[SourceVersionDate "2011.11.24"]
[SourceQuality "1"]

1. d4 Nf6 2. Nf3 c6 3. c4 g6 4. Nc3 Bg7 5. e4 d6 6. Be2 O-O 7. O-O Nbd7 8. Be3
e5 9. d5 c5 10. Ne1 Ne8 11. Nd3 f5 12. exf5 gxf5 13. f4 b6 14. Qd2 a6 15. fxe5
Nxe5 16. Nf4 Ra7 17. Nh5 Raf7 18. Bg5 Bf6 19. Nxf6+ Nxf6 20. Bd3 Nxd3 21. Qxd3
Qd7 22. Rae1 Re8 23. Qg3 Rg7 24. Rxe8+ Nxe8 25. Qe3 Qf7 26. a4 Bd7 27. Bd8 Rg4
28. Rf4 Qg7 29. g3 Nf6 30. Bxb6 Nh5 31. Rxg4 Qxg4 32. Bc7 Qd4 33. Qxd4 cxd4 34.
Nb1 Bxa4 35. Bxd6 Bc2 36. Nd2 Nf6 37. Be5 Ne4 38. Nxe4 Bxe4 39. Bxd4 Kf7 40.
Kf2 Bd3 41. c5 Be4 42. d6 Ke6 43. Ke3 Bc6 44. Kf4 Bd7 45. Kg5 Kf7 1-0

[Event "Slavia Hradec Kralove-19 1984/85"]
[Site "Hradec Kralove"]
[Date "1984.12.??"]
[Round "?"]
[White "Zeitlein, Michael"]
[Black "Dejkalo, Stefan"]
[Result "1-0"]
[WhiteElo "2490"]
[BlackElo "2335"]
[PlyCount "86"]
[EventDate "1984.12.??"]
[EventType "tourn"]
[EventRounds "9"]
[EventCountry "CSR"]
[SourceTitle "EXT 2013"]
[Source "ChessBase"]
[SourceDate "2012.11.22"]
[SourceVersion "1"]
[SourceVersionDate "2012.11.22"]
[SourceQuality "1"]

1. Nf3 Nf6 2. c4 e6 3. d4 b6 4. Nc3 Bb7 5. a3 d5 6. cxd5 exd5 7. Bf4 Bd6 8.
Bxd6 Qxd6 9. Rc1 a6 10. e3 O-O 11. Be2 Nbd7 12. O-O Rfd8 13. b4 c5 14. bxc5
bxc5 15. Qa4 Ne4 16. Qa5 Nxc3 17. Rxc3 c4 18. Rb1 Bc6 19. Rcc1 Rdb8 20. Nd2 Rb5
21. Qc3 Nb6 22. Bd1 g6 23. Bc2 Rd8 24. Ra1 Rb8 25. f3 Bd7 26. e4 f5 27. Re1 a5
28. Rad1 a4 29. exf5 gxf5 30. Re5 Rb3 31. Nxb3 axb3 32. Bxf5 Na4 33. Qa5 Bc6
34. Re6 Qf4 35. Rxc6 Qxf5 36. Qa7 Qf4 37. Qxa4 Qe3+ 38. Kh1 Qe2 39. Rg1 b2 40.
Rb6 Rxb6 41. Qa8+ Kg7 42. Qa7+ Kf8 43. Qxb6 Qc2 1-0

[Event "URS"]
[Site "Soviet Union"]
[Date "1985.??.??"]
[Round "?"]
[White "Gusev, Yuri S"]
[Black "Zeitlein, Michael"]
[Result "0-1"]
[WhiteElo "2380"]
[BlackElo "2470"]
[PlyCount "66"]
[EventDate "1985.??.??"]
[EventType "game"]
[EventCountry "URS"]
[SourceTitle "EXT 2008"]
[Source "ChessBase"]
[SourceDate "2007.11.25"]
[SourceVersion "1"]
[SourceVersionDate "2007.11.25"]
[SourceQuality "1"]

1. e4 c6 2. d4 d5 3. exd5 cxd5 4. Bd3 Nc6 5. c3 Nf6 6. h3 e5 7. dxe5 Nxe5 8.
Qe2 Qe7 9. Bb5+ Bd7 10. Bxd7+ Nfxd7 11. Kf1 Qe6 12. Nf3 Nxf3 13. Qxf3 Bc5 14.
Nd2 O-O 15. Nb3 Rae8 16. g3 Qa6+ 17. Kg2 Bxf2 18. Kxf2 Ne5 19. Nc5 Qc4 20. Qe3
b6 21. Qd4 bxc5 22. Qxc4 dxc4 23. Bf4 Nd3+ 24. Kf3 Re6 25. b3 Rfe8 26. bxc4 Re2
27. Rhd1 Rf2+ 28. Kg4 h5+ 29. Kg5 Nxf4 30. gxf4 Rg2+ 31. Kh4 Re4 32. Rd8+ Kh7
33. Rf1 g6 0-1

[Event "Prague Bohemians"]
[Site "Prague"]
[Date "1985.??.??"]
[Round "?"]
[White "Modr, Bretislav"]
[Black "Zeitlein, Michael"]
[Result "0-1"]
[WhiteElo "2350"]
[BlackElo "2470"]
[PlyCount "76"]
[EventDate "1985.01.08"]
[EventType "tourn"]
[EventRounds "13"]
[EventCountry "CZE"]
[EventCategory "8"]
[SourceTitle "MCD"]
[Source "ChessBase"]
[SourceDate "1999.07.01"]
[SourceVersion "1"]
[SourceVersionDate "1999.07.01"]
[SourceQuality "1"]

1. d4 Nf6 2. Nf3 d6 3. g3 g6 4. Bg2 Bg7 5. c4 O-O 6. O-O Nbd7 7. Nc3 e5 8. e4
c6 9. h3 Re8 10. Re1 a5 11. Qc2 exd4 12. Nxd4 Nc5 13. Rb1 Qe7 14. Bf4 Nfd7 15.
Rbd1 Ne5 16. b3 a4 17. Be3 axb3 18. axb3 Qc7 19. f4 Ned7 20. b4 Ne6 21. Ndb5
cxb5 22. Nxb5 Qb8 23. Nxd6 Rd8 24. c5 Ra3 25. Qf2 Nc7 26. Bf1 Nf8 27. f5 gxf5
28. exf5 Ne8 29. Bf4 Nxd6 30. Bxd6 Rxd6 31. cxd6 Bd7 32. Bc4 Qc8 33. f6 Qxc4
34. fxg7 Ng6 35. Rd4 Rxg3+ 36. Qxg3 Qxd4+ 37. Kh2 Qd2+ 38. Kg1 Nf4 0-1

[Event "Prague Bohemians"]
[Site "Prague"]
[Date "1985.??.??"]
[Round "?"]
[White "Mokry, Karel"]
[Black "Zeitlein, Michael"]
[Result "0-1"]
[WhiteElo "2490"]
[BlackElo "2470"]
[PlyCount "66"]
[EventDate "1985.01.08"]
[EventType "tourn"]
[EventRounds "13"]
[EventCountry "CZE"]
[EventCategory "8"]
[SourceTitle "MCD"]
[Source "ChessBase"]
[SourceDate "1999.07.01"]
[SourceVersion "1"]
[SourceVersionDate "1999.07.01"]
[SourceQuality "1"]

1. e4 e5 2. Nf3 Nc6 3. Bb5 f5 4. Nc3 fxe4 5. Nxe4 Nf6 6. Qe2 d5 7. Nxf6+ gxf6
8. d4 Bg7 9. dxe5 O-O 10. e6 Ne5 11. Qd1 Bxe6 12. Nd4 Bc8 13. Be2 c5 14. Nb3 b6
15. c3 f5 16. O-O Bb7 17. Bf4 a5 18. Bxe5 Bxe5 19. Nd2 Bc7 20. Re1 Qd6 21. Nf1
Rad8 22. Bf3 Ba6 23. Qd2 Kh8 24. Ng3 d4 25. cxd4 cxd4 26. Rac1 Qf4 27. Qxf4
Bxf4 28. Rc6 Rd6 29. Rxd6 Bxd6 30. Rd1 d3 31. a4 Bb4 32. Bc6 d2 33. Nf1 Be2 0-1

[Event "Prague Bohemians"]
[Site "Prague"]
[Date "1985.??.??"]
[Round "?"]
[White "Zeitlein, Michael"]
[Black "Meduna, Eduard"]
[Result "1-0"]
[WhiteElo "2470"]
[BlackElo "2460"]
[PlyCount "63"]
[EventDate "1985.01.08"]
[EventType "tourn"]
[EventRounds "13"]
[EventCountry "CZE"]
[EventCategory "8"]
[SourceTitle "MCD"]
[Source "ChessBase"]
[SourceDate "1999.07.01"]
[SourceVersion "1"]
[SourceVersionDate "1999.07.01"]
[SourceQuality "1"]

1. d4 d5 2. c4 c6 3. Nf3 Nf6 4. Nc3 dxc4 5. a4 Bf5 6. Ne5 Nbd7 7. Nxc4 Qc7 8.
g3 e5 9. dxe5 Nxe5 10. Bf4 Rd8 11. Qc1 Bd6 12. Nxd6+ Qxd6 13. Bg2 Qe7 14. O-O
a5 15. Qe3 Nc4 16. Qxe7+ Kxe7 17. e4 Be6 18. Rfe1 h6 19. b3 g5 20. bxc4 gxf4
21. Nd5+ cxd5 22. exd5 fxg3 23. hxg3 b6 24. Rab1 Rd6 25. Rb5 h5 26. dxe6 fxe6
27. c5 bxc5 28. Rxc5 Ra6 29. Bf1 Ra7 30. Rc6 Nd7 31. Rexe6+ Kd8 32. Rh6 1-0

[Event "Prague Bohemians"]
[Site "Prague"]
[Date "1985.??.??"]
[Round "?"]
[White "Zeitlein, Michael"]
[Black "Mozny, Milos"]
[Result "1-0"]
[WhiteElo "2470"]
[BlackElo "2400"]
[PlyCount "53"]
[EventDate "1985.01.08"]
[EventType "tourn"]
[EventRounds "13"]
[EventCountry "CZE"]
[EventCategory "8"]
[SourceTitle "MCD"]
[Source "ChessBase"]
[SourceDate "1999.07.01"]
[SourceVersion "1"]
[SourceVersionDate "1999.07.01"]
[SourceQuality "1"]

1. e4 c5 2. Nf3 d6 3. d4 cxd4 4. Nxd4 Nf6 5. Nc3 e6 6. Be3 Be7 7. f4 Nc6 8. Qf3
e5 9. Nxc6 bxc6 10. f5 Qa5 11. O-O-O Rb8 12. Bc4 O-O 13. Bb3 Bb7 14. g4 d5 15.
g5 d4 16. gxf6 Bxf6 17. Rhg1 dxe3 18. Rd6 e2 19. Nxe2 Qc5 20. Rxf6 Qxg1+ 21.
Nxg1 gxf6 22. Qg3+ Kh8 23. Qh4 Kg7 24. Ne2 Rbd8 25. Ng3 Rg8 26. Bc4 Rd6 27. b3
1-0

[Event "Prague Bohemians"]
[Site "Prague"]
[Date "1985.??.??"]
[Round "?"]
[White "Zeitlein, Michael"]
[Black "Spiridonov, Nikola"]
[Result "1-0"]
[WhiteElo "2470"]
[BlackElo "2400"]
[PlyCount "55"]
[EventDate "1985.01.08"]
[EventType "tourn"]
[EventRounds "13"]
[EventCountry "CZE"]
[EventCategory "8"]
[SourceTitle "MCD"]
[Source "ChessBase"]
[SourceDate "1999.07.01"]
[SourceVersion "1"]
[SourceVersionDate "1999.07.01"]
[SourceQuality "1"]

1. e4 c6 2. d4 d5 3. Nc3 dxe4 4. Nxe4 Nd7 5. Bc4 Ngf6 6. Ng5 e6 7. Qe2 Nb6 8.
Bb3 h6 9. N5f3 a5 10. a4 c5 11. Bf4 Bd6 12. Bg3 Bxg3 13. hxg3 Qc7 14. Ne5 cxd4
15. Ngf3 O-O 16. g4 d3 17. Qxd3 Nbd7 18. Nxd7 Nxd7 19. g5 Ne5 20. Qe3 Nxf3+ 21.
gxf3 hxg5 22. Qxg5 f6 23. Qg6 Qe5+ 24. Kf1 Ra6 25. Rh5 Qxb2 26. Rd1 Rc6 27. Rh7
f5 28. Qh5 1-0

[Event "Prague Bohemians"]
[Site "Prague"]
[Date "1985.??.??"]
[Round "?"]
[White "Zeitlein, Michael"]
[Black "Vatnikov, Josif E"]
[Result "1-0"]
[WhiteElo "2470"]
[BlackElo "2480"]
[PlyCount "113"]
[EventDate "1985.01.08"]
[EventType "tourn"]
[EventRounds "13"]
[EventCountry "CZE"]
[EventCategory "8"]
[SourceTitle "MCD"]
[Source "ChessBase"]
[SourceDate "1999.07.01"]
[SourceVersion "1"]
[SourceVersionDate "1999.07.01"]
[SourceQuality "1"]

1. e4 e5 2. Nc3 Nf6 3. g3 Bc5 4. Bg2 d6 5. Na4 Bg4 6. Ne2 Na6 7. Nxc5 Nxc5 8.
h3 Be6 9. Nc3 O-O 10. d4 exd4 11. Qxd4 Nfd7 12. O-O a5 13. Bf4 f6 14. Rad1 Bf7
15. Bc1 Re8 16. f4 a4 17. Rfe1 Qb8 18. Kh2 Ra6 19. Bf1 Ra8 20. Be3 a3 21. b3
Ne6 22. Qd2 Nd8 23. Bf2 Nc6 24. Nb5 Re7 25. Bg2 Nf8 26. c4 Nd7 27. Nc3 Re8 28.
Nd5 Nc5 29. Bxc5 dxc5 30. Qf2 Ra5 31. g4 Nd4 32. b4 Ra4 33. bxc5 Ne6 34. e5
fxe5 35. f5 Nf4 36. Nxf4 exf4 37. Rxe8+ Qxe8 38. Qxf4 c6 39. Qc7 Ra8 40. Rd7
Rc8 41. Qd6 Bxc4 42. Qd4 Bf7 43. g5 Qf8 44. f6 Re8 45. Bf1 gxf6 46. Rxf7 Qxf7
47. Bc4 Re6 48. gxf6 Kf8 49. Qg4 Qxf6 50. Qxe6 Qf2+ 51. Kh1 Qf3+ 52. Kg1 Qg3+
53. Kf1 Qf3+ 54. Ke1 Qc3+ 55. Ke2 Kg7 56. Qe7+ Kg6 57. Bd3+ 1-0

[Event "Moscow Regions-ch"]
[Site "Protvino"]
[Date "1985.??.??"]
[Round "?"]
[White "Arkhipov, Sergey"]
[Black "Zeitlein, Michael"]
[Result "0-1"]
[WhiteElo "2550"]
[BlackElo "2470"]
[PlyCount "90"]
[EventDate "1985.07.??"]
[EventType "tourn"]
[EventRounds "13"]
[EventCountry "RUS"]
[SourceTitle "EXT 2015"]
[Source "ChessBase"]
[SourceDate "2014.11.20"]
[SourceVersion "1"]
[SourceVersionDate "2014.11.20"]
[SourceQuality "1"]

1. d4 f5 2. Bg5 h6 3. Bh4 g5 4. e3 Bg7 5. Bg3 Nf6 6. Nc3 d6 7. Bd3 Nc6 8. Nf3
e6 9. Bb5 Bd7 10. Qe2 a6 11. Ba4 Qe7 12. O-O-O b5 13. Bb3 b4 14. Nb1 Na5 15. h4
g4 16. Nfd2 Bb5 17. Qe1 c5 18. c3 Rc8 19. Bc2 cxd4 20. exd4 Nd5 21. Nb3 Nc4 22.
cxb4 h5 23. Nc3 Bh6+ 24. Kb1 Na3+ 25. bxa3 Nxc3+ 26. Kb2 f4 27. Bh2 Na4+ 28.
Kb1 Rxc2 29. Kxc2 Qh7+ 30. Kc1 f3+ 31. Rd2 Be2 32. gxf3 gxf3 33. Qxe2 fxe2 34.
f4 Kd7 35. Re1 Rc8+ 36. Nc5+ dxc5 37. dxc5+ Kc6 38. Rexe2 Qf5 39. Rd6+ Kb5 40.
Rexe6 Bxf4+ 41. Bxf4 Qxf4+ 42. Kd1 Rg8 43. c6 Rg1+ 44. Ke2 Rg2+ 45. Ke1 Qf2+
0-1

[Event "Chigorin Memorial-19"]
[Site "Sochi"]
[Date "1985.??.??"]
[Round "?"]
[White "Zeitlein, Michael"]
[Black "Horvath, Jozsef"]
[Result "1-0"]
[WhiteElo "2470"]
[BlackElo "2520"]
[PlyCount "53"]
[EventDate "1985.09.??"]
[EventType "tourn"]
[EventRounds "14"]
[EventCountry "URS"]
[EventCategory "11"]
[SourceTitle "MCD"]
[Source "ChessBase"]
[SourceDate "1999.07.01"]
[SourceVersion "1"]
[SourceVersionDate "1999.07.01"]
[SourceQuality "1"]

1. d4 Nf6 2. Nf3 e6 3. e3 b6 4. Nbd2 Bb7 5. Bd3 c5 6. c3 Be7 7. O-O O-O 8. e4
Nc6 9. e5 Nd5 10. dxc5 bxc5 11. Ne4 Qc7 12. Re1 f5 13. Ng3 Rae8 14. Nxf5 exf5
15. Bc4 Kh8 16. Bxd5 f4 17. Bd2 d6 18. exd6 Qxd6 19. c4 Bf6 20. Rxe8 Rxe8 21.
h4 Bc8 22. Qa4 Bd7 23. Bxf4 Qxf4 24. Bxc6 Bxc6 25. Qxc6 Rd8 26. Re1 Qxc4 27. b3
1-0

[Event "Kecskemet Open"]
[Site "Kecskemet "]
[Date "1985.10.24"]
[Round "3"]
[White "Zeitlein, Michael"]
[Black "Emodi, Gyula"]
[Result "1-0"]
[WhiteElo "2470"]
[BlackElo "2365"]
[PlyCount "97"]
[EventDate "1985.10.22"]
[EventType "swiss"]
[EventRounds "11"]
[EventCountry "HUN"]
[SourceTitle "EXT 2000"]
[Source "ChessBase"]
[SourceDate "1999.11.16"]
[SourceVersion "1"]
[SourceVersionDate "1999.11.16"]
[SourceQuality "1"]

1. d4 d5 2. c4 e6 3. Nf3 c5 4. cxd5 exd5 5. Nc3 Nc6 6. Bg5 Be7 7. Bxe7 Ngxe7 8.
e3 cxd4 9. Nxd4 Qb6 10. Bb5 O-O 11. Qd2 Nxd4 12. exd4 Nf5 13. Rd1 Be6 14. O-O
Rad8 15. Rfe1 a6 16. Bd3 Qxd4 17. Rxe6 fxe6 18. Bxf5 Qxd2 19. Bxe6+ Kh8 20.
Rxd2 Rfe8 21. Re2 d4 22. Nd1 Rd6 23. Bg4 Rxe2 24. Bxe2 g5 25. Kf1 Kg7 26. Bf3
b5 27. Ke2 Kf6 28. Be4 Ke5 29. f3 h5 30. Nf2 Rb6 31. Nd3+ Kd6 32. Bg6 h4 33.
Nf2 Ke5 34. Be4 a5 35. Kd3 Rd6 36. a3 Rd8 37. Bc6 Rb8 38. Nh3 b4 39. a4 Rc8 40.
Be4 Rc1 41. Nxg5 Rb1 42. Kc2 Rh1 43. f4+ Kd6 44. h3 Re1 45. Kd2 Re3 46. Bd3 Kd5
47. Nf3 b3 48. f5 Re8 49. Nxh4 1-0

[Event "Kecskemet Open"]
[Site "Kecskemet "]
[Date "1985.10.30"]
[Round "9"]
[White "Zeitlein, Michael"]
[Black "Gyorkos, Lajos"]
[Result "1-0"]
[WhiteElo "2470"]
[BlackElo "2310"]
[PlyCount "50"]
[EventDate "1985.10.22"]
[EventType "swiss"]
[EventRounds "11"]
[EventCountry "HUN"]
[SourceTitle "EXT 2000"]
[Source "ChessBase"]
[SourceDate "1999.11.16"]
[SourceVersion "1"]
[SourceVersionDate "1999.11.16"]
[SourceQuality "1"]

1. d4 Nf6 2. Nf3 e6 3. Bg5 b6 4. Nbd2 Bb7 5. e4 h6 6. Bxf6 Qxf6 7. Bd3 d6 8.
Qe2 g6 9. e5 Qe7 10. Be4 Bxe4 11. Nxe4 Nd7 12. O-O-O Bg7 13. h4 O-O 14. h5 dxe5
15. dxe5 Nxe5 16. Nxe5 Bxe5 17. hxg6 fxg6 18. Qb5 Bf4+ 19. Kb1 Rad8 20. g3
Rxd1+ 21. Rxd1 Bg5 22. Qc6 Rf7 23. f4 Bf6 24. Rd7 Qe8 25. Nxf6+ Rxf6 1-0

[Event "URS"]
[Site "Soviet Union"]
[Date "1986.??.??"]
[Round "?"]
[White "Zeitlein, Michael"]
[Black "Gusev, Vladimir A"]
[Result "1-0"]
[WhiteElo "2460"]
[BlackElo "2360"]
[PlyCount "59"]
[EventDate "1986.??.??"]
[EventType "game"]
[EventRounds "9"]
[EventCountry "URS"]
[SourceTitle "EXT 2004"]
[Source "ChessBase"]
[SourceDate "2003.11.25"]
[SourceVersion "1"]
[SourceVersionDate "2003.11.25"]
[SourceQuality "1"]

1. e4 e6 2. d4 d5 3. Nd2 Nc6 4. Ngf3 Nf6 5. e5 Nd7 6. Be2 f6 7. exf6 Nxf6 8.
O-O Bd6 9. c4 O-O 10. c5 Bf4 11. Bb5 Bd7 12. Bxc6 Bxc6 13. Nb3 Ne4 14. Bxf4
Rxf4 15. Qe2 a6 16. a4 Qe8 17. Qe3 Rf6 18. Ne5 Bxa4 19. f3 Bxb3 20. fxe4 Bc2
21. Qg3 Rxf1+ 22. Rxf1 Bxe4 23. Rf7 Bg6 24. Rxc7 Qa4 25. h4 Rf8 26. Qg4 Qa1+
27. Kh2 Qxb2 28. Qxe6+ Kh8 29. Rc8 Qf2 30. Nf3 1-0

[Event "Rubinstein Memorial 26th"]
[Site "Polanica Zdroj"]
[Date "1988.??.??"]
[Round "5"]
[White "Drasko, Milan"]
[Black "Zeitlein, Michael"]
[Result "0-1"]
[WhiteElo "2510"]
[BlackElo "2455"]
[PlyCount "80"]
[EventDate "1988.08.??"]
[EventType "tourn"]
[EventRounds "15"]
[EventCountry "POL"]
[EventCategory "9"]
[SourceTitle "EXT 1997"]
[Source "ChessBase"]
[SourceDate "1996.11.15"]
[SourceVersion "1"]
[SourceVersionDate "1996.11.15"]
[SourceQuality "1"]

1. c4 f5 2. g3 Nf6 3. Nf3 g6 4. Bg2 Bg7 5. O-O O-O 6. d4 d6 7. Nc3 Nc6 8. d5
Na5 9. Nd2 c5 10. Qc2 e5 11. dxe6 Bxe6 12. b3 d5 13. cxd5 Nxd5 14. Bb2 Nb4 15.
Qc1 Rc8 16. Na4 Qe7 17. Bxg7 Qxg7 18. a3 Na6 19. Qc3 Qxc3 20. Nxc3 Rfd8 21.
Rfd1 Nb8 22. Rab1 b6 23. Kf1 Nbc6 24. Rb2 Nd4 25. Rdb1 b5 26. b4 cxb4 27. axb4
Rxc3 28. bxa5 Nc2 29. Nf3 b4 30. Ne5 b3 31. Bb7 Na3 32. Ra1 Rc2 33. Rxb3 Bxb3
34. Rxa3 Rd1+ 35. Kg2 Bd5+ 36. Bxd5+ Rxd5 37. Nd3 Rb5 38. Kf3 Rc6 39. Kf4 Kg7
40. g4 Rc4+ 0-1

[Event "URS Club Cup 1st"]
[Site "Nabereznye Chelny"]
[Date "1988.09.??"]
[Round "6"]
[White "Zeitlein, Michael"]
[Black "Karpman, Vadim"]
[Result "1-0"]
[WhiteElo "2455"]
[BlackElo "2490"]
[PlyCount "115"]
[EventDate "1988.09.30"]
[EventType "team-swiss"]
[EventRounds "11"]
[EventCountry "URS"]
[SourceTitle "EXT 2020"]
[Source "ChessBase"]
[SourceDate "2019.10.17"]
[SourceVersion "1"]
[SourceVersionDate "2019.10.17"]
[SourceQuality "1"]
[WhiteTeam "Moscow Region Chess Club"]
[BlackTeam "Kharkiv Chess Club"]
[WhiteTeamCountry "URS"]
[BlackTeamCountry "URS"]

1. e4 c5 2. Nf3 d6 3. d4 cxd4 4. Nxd4 Nf6 5. Nc3 e6 6. Be3 Be7 7. f4 O-O 8. Qf3
e5 9. Nf5 Bxf5 10. exf5 Nbd7 11. O-O-O Qa5 12. Bc4 Rac8 13. Bb3 Rxc3 14. bxc3
d5 15. Kb1 Ne4 16. Bd2 Nxd2+ 17. Rxd2 e4 18. Qe3 Nb6 19. Rhd1 Bf6 20. Rxd5 Nxd5
21. Rxd5 b5 22. g4 Qxc3 23. Qxc3 Bxc3 24. Kc1 g6 25. Kd1 b4 26. Ke2 Kg7 27. Ke3
gxf5 28. Rxf5 f6 29. Ra5 Rd8 30. Rxa7+ Kg6 31. Kxe4 Re8+ 32. Kf3 Bd4 33. Rd7
Re3+ 34. Kg2 Re2+ 35. Kh3 Bc5 36. Be6 Re3+ 37. Kg2 Kh6 38. Bc4 Re7 39. Rd5 Be3
40. Kf3 Kg7 41. h4 Bc1 42. Bd3 h6 43. Be4 Bb2 44. Rc5 Bc1 45. c3 Ra7 46. Bd5
bxc3 47. Rxc3 Bd2 48. Rc8 Ra4 49. Rc7+ Kh8 50. Bc4 Ra5 51. Ke4 Be1 52. h5 Bd2
53. a4 Rxa4 54. Kf5 Ba5 55. Ra7 Rxc4 56. Rxa5 Kg7 57. Ra7+ Kf8 58. Rh7 1-0

[Event "Belgrade GMA op"]
[Site "Belgrade"]
[Date "1988.??.??"]
[Round "?"]
[White "Zeitlein, Michael"]
[Black "Palac, Mladen"]
[Result "1-0"]
[WhiteElo "2455"]
[BlackElo "2335"]
[PlyCount "76"]
[EventDate "1988.12.??"]
[EventType "swiss"]
[EventRounds "9"]
[EventCountry "YUG"]
[SourceTitle "TD"]
[Source "ChessBase"]
[SourceDate "1994.03.01"]
[SourceVersion "1"]
[SourceVersionDate "1994.03.01"]
[SourceQuality "1"]

1. d4 Nf6 2. Nf3 e6 3. Bg5 c5 4. e3 d5 5. Nbd2 Be7 6. c3 Nc6 7. Bd3 O-O 8. O-O
b6 9. Ne5 Nxe5 10. dxe5 Nd7 11. Bxe7 Qxe7 12. f4 f6 13. Qh5 f5 14. g4 Bb7 15.
gxf5 exf5 16. Nf3 g6 17. Qh6 Rfd8 18. Kf2 d4 19. Bc4+ Kh8 20. Ng5 Nf6 21. Rg1
dxe3+ 22. Ke1 Ng8 23. Qh3 Bd5 24. Be2 h6 25. c4 Bc6 26. Nf3 Qe6 27. Nh4 Be8 28.
Bf3 Rac8 29. Bd5 Rxd5 30. cxd5 Qxd5 31. Qxe3 Ne7 32. Kf2 Qe6 33. Rg3 Rd8 34.
Kg1 Rd4 35. Nf3 Re4 36. Qd3 Nd5 37. Re1 Nxf4 38. Qd2 Rxe1+ 1-0

[Event "Balatonbereny op"]
[Site "Balatonbereny"]
[Date "1989.??.??"]
[Round "?"]
[White "Zeitlein, Michael"]
[Black "Avshalumov, Alex"]
[Result "1-0"]
[WhiteElo "2460"]
[BlackElo "2415"]
[PlyCount "47"]
[EventDate "1989.??.??"]
[EventType "swiss"]
[EventRounds "9"]
[EventCountry "HUN"]
[SourceTitle "EXT 2002"]
[Source "ChessBase"]
[SourceDate "2001.11.25"]
[SourceVersion "1"]
[SourceVersionDate "2001.11.25"]
[SourceQuality "1"]

1. e4 c5 2. Nf3 Nc6 3. d4 cxd4 4. Nxd4 Qb6 5. Nb3 Nf6 6. Nc3 e6 7. Qe2 Qc7 8.
g4 h6 9. Bg2 a6 10. f4 d6 11. Bd2 Be7 12. h4 g6 13. O-O-O Bd7 14. Bf3 O-O-O 15.
g5 Nh5 16. Rhe1 hxg5 17. hxg5 Bf8 18. Qf2 b5 19. Nd5 exd5 20. exd5 Nb8 21. Ba5
Qb7 22. Bxh5 Rxh5 23. Qd4 Be8 24. Re3 1-0

[Event "EU-Cup 07th round of 32"]
[Site "Sofia"]
[Date "1989.??.??"]
[Round "1.1"]
[White "Zeitlein, Michael"]
[Black "Grigorov, Jordan N"]
[Result "1-0"]
[WhiteElo "2460"]
[BlackElo "2360"]
[PlyCount "80"]
[EventDate "1989.??.??"]
[EventType "team-match"]
[EventRounds "2"]
[EventCountry "BUL"]
[SourceTitle "EXT 2020"]
[Source "ChessBase"]
[SourceDate "2019.10.17"]
[SourceVersion "1"]
[SourceVersionDate "2019.10.17"]
[SourceQuality "1"]
[WhiteTeam "Lokomotiv"]
[BlackTeam "Sofia CSKA"]
[WhiteTeamCountry "URS"]
[BlackTeamCountry "BUL"]

1. e4 c5 2. Nf3 Nc6 3. Bb5 Nf6 4. Nc3 g6 5. h3 a6 6. Bxc6 dxc6 7. a4 a5 8. O-O
Bg7 9. d3 O-O 10. Be3 b6 11. Qd2 Ne8 12. Bh6 Nc7 13. Bxg7 Kxg7 14. Ne5 f6 15.
Ng4 Bxg4 16. hxg4 e5 17. g3 Qd7 18. f3 Ne6 19. Kg2 c4 20. Rad1 cxd3 21. Qxd3
Qxd3 22. Rxd3 Rad8 23. Rfd1 Rxd3 24. Rxd3 Nd4 25. Rd2 Kf7 26. Nd1 Ke7 27. Ne3
b5 28. axb5 Nxb5 29. Nc4 a4 30. g5 Ke6 31. gxf6 Rxf6 32. Rd8 Rf7 33. Re8+ Kd7
34. Rxe5 Nd4 35. Ra5 Ke6 36. f4 Nxc2 37. Rxa4 Rb7 38. Kh3 Rb3 39. Kh4 Nd4 40.
Ne5 Ne2 1-0

[Event "Budapest Spring op 05th"]
[Site "Budapest"]
[Date "1989.??.??"]
[Round "?"]
[White "Dizdar, Goran"]
[Black "Zeitlein, Michael"]
[Result "0-1"]
[WhiteElo "2505"]
[BlackElo "2460"]
[PlyCount "60"]
[EventDate "1989.03.18"]
[EventType "swiss"]
[EventRounds "9"]
[EventCountry "HUN"]
[SourceTitle "TD"]
[Source "ChessBase"]
[SourceDate "1994.03.01"]
[SourceVersion "1"]
[SourceVersionDate "1994.03.01"]
[SourceQuality "1"]

1. c4 f5 2. g3 Nf6 3. Bg2 e5 4. Nc3 Bb4 5. Qc2 Bxc3 6. Qxc3 d6 7. e3 O-O 8. Ne2
Nc6 9. O-O Qe8 10. f4 Qh5 11. d3 e4 12. Re1 a5 13. Bd2 Bd7 14. d4 h6 15. d5 Ne7
16. b3 g5 17. Bc1 Ng6 18. Bb2 Rf7 19. Rad1 b6 20. Rd2 Kh7 21. Rf1 Rg8 22. Rc2
Ng4 23. h3 Nf6 24. Nd4 gxf4 25. exf4 Ne7 26. Re2 Rfg7 27. Re3 Nexd5 28. cxd5
Nxd5 29. Qc1 Nxe3 30. g4 Rxg4 0-1

[Event "Budapest Spring op 05th"]
[Site "Budapest"]
[Date "1989.??.??"]
[Round "?"]
[White "Meister, Peter"]
[Black "Zeitlein, Michael"]
[Result "0-1"]
[WhiteElo "2350"]
[BlackElo "2460"]
[PlyCount "56"]
[EventDate "1989.03.18"]
[EventType "swiss"]
[EventRounds "9"]
[EventCountry "HUN"]
[SourceTitle "TD"]
[Source "ChessBase"]
[SourceDate "1994.03.01"]
[SourceVersion "1"]
[SourceVersionDate "1994.03.01"]
[SourceQuality "1"]

1. d4 f5 2. c4 Nf6 3. Nc3 d6 4. Nf3 g6 5. Bf4 Bg7 6. e3 O-O 7. Qb3 Nh5 8. O-O-O
Nc6 9. h4 a6 10. c5+ Kh8 11. Ng5 e6 12. d5 Na5 13. Qa3 e5 14. Bh2 h6 15. Nh3 b6
16. b4 Qxh4 17. bxa5 bxc5 18. Be2 Rb8 19. Kc2 f4 20. f3 fxe3 21. Ne4 Rb4 22. g4
Bd7 23. Rdg1 Ba4+ 24. Kc1 Rfb8 25. Nc3 e4 26. g5 exf3 27. gxh6 Bxc3 28. Qxc3+
Qd4 0-1